1136 1012 1607 1582 1075 1761 1685 1348 1049 1964 1386 1747 1351 1927 1120 1405 1804 1260 1436 1719 1719 1654 1340 1627 1107 1001 1088 1955 1391 1722 1969 1769 1544 1184 1871 1491 1382 1994 1147 1112 1211 1748 1862 1740 1584 1765 1587 1326 1562 1110 1413 1023 1746 1518 1638 1147 1744 1149 1597 1859 1349 1734 1156 1066 1571 1151 1778 1780 1192 1417 1928 1679 1459 1278 1717 1237 1760 1001 1032 1635 1245 1586 1962 1547 1663 1985 1529 1262 1491 1044 1678 1274 1254 1354 1343 1889 1776 1611 1841 BCNSPRNW ULIB Ver.6.0+V

เปลี่ยนเป็นภาษาไทย

Change to English
 แสดงรายละเอียดบรรณานุกรม
  กลับหน้าหลัก

Brief Record : Get Marc (ISO 2709) : E-mail record : QR code < ปิดหน้าต่าง
LEADER : 00000nam 2200000uu 4500
001    13399122722
003     ULIB
008    020711s2555 th a 000 0 tha d
020    9789749702956
060    WB327^bม443บ
100    มานพ ประภาษานนท์
245    บุคลิกภาพดีไม่มีโรค /^cมานพ ประภาษานนท์
250    พิมพ์ครั้งที่ 2
260    กรุงเทพฯ :^bอมรินทร์สุขภาพ,^c2555
300    133 หน้า
440  0 ชุดชีวิตและสุขภาพ ลำดับที่147
650    สุขภาพ
650    การดูแลตนเอง
650    บุคลิกภาพ
945    ^p145^l0^i20163
945    ^p145^l0^i20164
999    ^aทศพร เกษรทอง
รายการนี้ยังไม่มีแท็ก
คุณยังไม่ได้ล็อกอิน คุณสามารถมีกิจกรรมร่วมกับเว็บไซต์ได้ แต่ต้องล็อกอินก่อน ::
  ล็อกอิน

รายการสื่อสารสนเทศ

ลำดับที่ ประเภท เลขเรียก/บาร์โค้ด สถานที่ สถานะ
1. วิทยาศาสตร์การแพทย์ และสุขภาพ
วิทยาศาสตร์การแพทย์ และสุขภาพ
สถานะ=หนังสือเก่า
WB327 ม443บ ฉ.1 
  Barcode: 20163
ห้องสมุดวิทยาเขตนครสวรรค์
►ส่วนจัดเก็บหนังสือเก่า นว.
บนชั้น
  ขอยืม
2. วิทยาศาสตร์การแพทย์ และสุขภาพ
วิทยาศาสตร์การแพทย์ และสุขภาพ
สถานะ=หนังสือเก่า
WB327 ม443บ ฉ.2 
  Barcode: 20164
ห้องสมุดวิทยาเขตนครสวรรค์
►ส่วนจัดเก็บหนังสือเก่า นว.
บนชั้น
  ขอยืม

รายการใกล้เคียง
    ผู้แต่ง [มานพ ประภาษานนท์]

    หัวเรื่อง [สุขภาพ]
    หัวเรื่อง [การดูแลตนเอง]
    หัวเรื่อง [บุคลิกภาพ]

BibComment


ยังไม่เคยถูกคอมเมนท์

คอมเมนท์ทรัพยากรรายการนี้
  คอมเมนท์: บุคลิกภาพดีไม่มีโ..


 Copyright 2026. Bcnsprnw @Library